| 000 | 00621nam a2200193 i 4500 | ||
|---|---|---|---|
| 001 | 35654 | ||
| 003 | ES-MaACL | ||
| 005 | 20230906155158.0 | ||
| 007 | t| | ||
| 008 | 030213m19421943sp ||||1| spa d | ||
| 100 | 1 |
_aBox María-Cospedal, Antonio. _931161 |
|
| 245 | 1 | 0 |
_aManual teórico-práctico para practicantes, matronas y enfermeras / _cpor Antonio Box María-Cospedal. |
| 260 |
_aMadrid : _bInstituto Editorial Reus, _c1942-43. |
||
| 300 |
_a2 v. : _bil. ; _c23 cm. |
||
| 650 | 4 |
_aPracticantes. _9142710 |
|
| 650 | 4 |
_aMatronas. _9142711 |
|
| 650 | 4 |
_aEnfermeras. _9148918 |
|
| 852 |
_aES-MaACL _jE-1946-47 _bR.22904 |
||
| 999 |
_c35654 _d35654 |
||